| 000 | 00967nam a22002537a 4500 | ||
|---|---|---|---|
| 005 | 20170123164149.0 | ||
| 010 | _aA-981430 | ||
| 020 | _c200.00 | ||
| 035 | _aA-981430 | ||
| 037 | _bCen Lib / Ret | ||
| 040 |
_aDPL _bPN |
||
| 082 |
_a851 _bਸ਼ਰਮਾ |
||
| 100 |
_aਸ਼ਰਮਾ, ਅਜੈ ਕੁਮਾਰ _950836 |
||
| 245 |
_aਗਵਾਚੀ ਪੌਣ / _cਅਜੈ ਕੁਮਾਰ ਸ਼ਰਮਾ |
||
| 246 |
_aGuvachi paun _bby Ajay Kumar Sharma |
||
| 260 |
_aਅੰਮ੍ਰਿਤਸਰ _bਲੇਕ ਸਾਹਿਤ ਪ੍ਰਕਾਸ਼ਨ _c2000 |
||
| 270 |
_a186, ਗਰੀਨ ਔਵਿਨਿਊ _bਅੰਮ੍ਰਿਤਸਰ |
||
| 300 |
_a144p. _c22cm(Hb) |
||
| 650 |
_aਪੰਜਾਬੀ - ਕਵਿਤਾਵਾਂ _9141046 |
||
| 650 |
_a ਸਾਹਿਤ -- ਪੰਜਾਬੀ _9141047 |
||
| 650 |
_aLiterature -- Punjabi _9141048 |
||
| 650 |
_aPunjabi Poetry _9141049 |
||
| 942 |
_2ddc _cPN _h851 _mਸ਼ਰਮਾ |
||
| 999 |
_c110229 _d110229 |
||